1140 1964 1909 1943 1072 1107 1498 1523 1896 1794 1517 1138 1188 1392 1534 1035 1186 1008 1475 1563 1601 1509 1151 1224 1625 1177 1498 1947 1464 1406 1413 1671 1442 1694 1632 1465 1928 1331 1006 1125 1572 1774 1618 1757 1058 1079 1605 1070 1431 1964 1020 1295 1403 1027 1181 1040 1456 1824 1534 1156 1743 1063 1987 1395 1898 1480 1787 1868 1401 1599 1048 1335 1454 1578 1738 1581 1971 1828 1778 1374 1581 1594 1629 1558 1355 1612 1797 1908 1104 1240 1220 1323 1466 1146 1373 1920 1375 1322 1975 BCNSPRNW ULIB Ver.6.0+V

เปลี่ยนเป็นภาษาไทย

Change to English
 แสดงรายละเอียดบรรณานุกรม
  กลับหน้าหลัก

Brief Record : Get Marc (ISO 2709) : E-mail record : QR code < ปิดหน้าต่าง
LEADER : 00000nam 2200000uu 4500
001    13399124995
003     ULIB
008    160527s2554||||th 000 0 tha d
020    ^a9789744821027
060  4 ^aWM100^bส271ร 2554
100 0  ^aสมภพ เรืองตระกูล
245 10 ^aตำราประสาทจิตเวช /^cสมภพ เรืองตระกูล
250    ^aพิมพ์ครั้งที่ 1
260    ^aกรุงเทพฯ :^bเรือนแก้วการพิมพ์,^c2554
300    ^a350 หน้า
490 0  ^aตำราจิตเวชสำหรับแพทย์เวชศาสตร์ครอบครัว ;^vชุดที่ 22
650  7 ^aจิตเวชศาสตร์
650  7 ^aโรคจิต
945    ^p420^l0^i23721
945    ^p420^l0^i23722
945    ^p420^l0^i23723
999    ^aทศพร เกษรทอง
รายการนี้ยังไม่มีแท็ก
คุณยังไม่ได้ล็อกอิน คุณสามารถมีกิจกรรมร่วมกับเว็บไซต์ได้ แต่ต้องล็อกอินก่อน ::
  ล็อกอิน

รายการสื่อสารสนเทศ

ลำดับที่ ประเภท เลขเรียก/บาร์โค้ด สถานที่ สถานะ
1. วิทยาศาสตร์การแพทย์ และสุขภาพ
วิทยาศาสตร์การแพทย์ และสุขภาพ
สถานะ=หนังสือเก่า
WM100 ส271ร 2554 ฉ.1 
  Barcode: 23721
ห้องสมุดวิทยาเขตนครสวรรค์
►ส่วนจัดเก็บหนังสือเก่า นว.
บนชั้น
  ขอยืม
2. วิทยาศาสตร์การแพทย์ และสุขภาพ
วิทยาศาสตร์การแพทย์ และสุขภาพ
สถานะ=หนังสือเก่า
WM100 ส271ร 2554 ฉ.2 
  Barcode: 23722
ห้องสมุดวิทยาเขตนครสวรรค์
►ส่วนจัดเก็บหนังสือเก่า นว.
บนชั้น
  ขอยืม
3. วิทยาศาสตร์การแพทย์ และสุขภาพ
วิทยาศาสตร์การแพทย์ และสุขภาพ
สถานะ=หนังสือเก่า
WM100 ส271ร 2554 ฉ.3 
  Barcode: 23723
ห้องสมุดวิทยาเขตนครสวรรค์
►ส่วนจัดเก็บหนังสือเก่า นว.
บนชั้น
  ขอยืม

รายการใกล้เคียง
    ผู้แต่ง [สมภพ เรืองตระกูล]

    หัวเรื่อง [จิตเวชศาสตร์]
    หัวเรื่อง [โรคจิต]

BibComment


ยังไม่เคยถูกคอมเมนท์

คอมเมนท์ทรัพยากรรายการนี้
  คอมเมนท์: ตำราประสาทจิตเวช..


 Copyright 2026. Bcnsprnw @Library